Loving each other : (Record no. 283322)
[ view plain ]
| 000 -LEADER | |
|---|---|
| fixed length control field | 00420nam a2200133Ia 4500 |
| 008 - FIXED-LENGTH DATA ELEMENTS--GENERAL INFORMATION | |
| fixed length control field | 150223s9999 xx 000 0 und d |
| 020 ## - INTERNATIONAL STANDARD BOOK NUMBER | |
| International Standard Book Number | 9710824899 |
| 050 ## - LIBRARY OF CONGRESS CALL NUMBER | |
| Classification number | HM 132 |
| Item number | .B976 1984 |
| 100 ## - MAIN ENTRY--PERSONAL NAME | |
| Personal name | Buscaglia, Leo. |
| 245 ## - TITLE STATEMENT | |
| Title | Loving each other : |
| Remainder of title | the challenge of human relationships / |
| Statement of responsibility, etc | Leo Buscaglia. |
| 260 ## - PUBLICATION, DISTRIBUTION, ETC. (IMPRINT) | |
| Place of publication, distribution, etc | USA : |
| Name of publisher, distributor, etc | SLACK Incorporated, |
| Date of publication, distribution, etc | 1984 |
| 300 ## - PHYSICAL DESCRIPTION | |
| Extent | 208 pages : |
| Dimensions | 22 cm. |
| 504 ## - BIBLIOGRAPHY, ETC. NOTE | |
| Bibliography, etc | Includes bibliography. |
No items available.